| 000 | 00814nam a2200229Ii 4500 | ||
|---|---|---|---|
| 003 | JO-AjNU | ||
| 008 | 230605s9999||||xx |||||||||||||| ||und|| | ||
| 017 | _a2003/10/2218 | ||
| 020 | _a9957-11-566-2 | ||
| 040 |
_aJO-AjNU _bara _erda _cJO-AjNU |
||
| 041 | _aara | ||
| 050 | 1 | 4 | _aLB3051.S6237 2004 |
| 100 | 3 |
_aالصمادي،عبدالله مؤلف/الدرابيع،ماهر م.مشارك, _eauthor _931598 |
|
| 245 | 0 | 0 | _aالقياس والتقويم النفسي والتربوي بين النظرية والتطبيق |
| 250 | _aط1 | ||
| 264 | 3 | 1 | _aالكرك:مركز يزيد،2004 |
| 300 | _a269ص | ||
| 336 |
_atext _btxt _2rdacontent |
||
| 337 |
_aunmediated _bn _2rdamedia |
||
| 338 |
_avolume _bnc _2rdacarrier |
||
| 650 | 4 |
_aعلم النفس التربوي-القياس النفسي _931599 |
|
| 999 |
_aA12655 _c16223 _d16223 |
||